00827nam a2200265Ia 450000500170000000800410001702000180005804100080007608200180008410000300010224500270013225000180015930000590017750000340023665000330027065000230030365000410032694200130036726400430038033600270042333700330045033800280048304000350051199900150054620220317001838.0170410s2013 s a g 000 0 s  a9788494161957 aspa04a741.011bR11o1 aRábago, Andrésd1947-10aOh, la l'art!cEl Roto a1a. edición a[90] páginasbilustraciones en blanco y negroc27 cm aSeudónimo del autor El Roto142LEMBaApreciación del arte142LEMBaArte moderno142LEMBaSátiravLibros de imágenes 2ddccREF aBarcelonabLibros del Zorro Rojoc2013 atextobtxt2rdacontent asin mediaciónbn2rdamedia avolumenbnc2rdacarrier aCO-BoRNBPbspaerdacCO-BoRNBP c8288d8288